00491nam a2200133Ia 4500008004100000020001400041082000800055100002100063245006200084260003300146365000800179999001700187952015300204220603s9999 xx 000 0 und d a2582-1512 bCLE aClement I994400 aJournal of Medical Surgical Nursing Practice and Research aGaziabadbMAT journalsc2020 bRs. c58761d58761 00104070aBTINbBTINd2021-02-23eSaurabh Pustak Bandhani Kendrag2660.00l0oCLE BV0786pBTIN-BV-786r2022-08-10 00:00:00w2022-08-10yBVzBV0786